| 000 | 00601nam a2200193Ia 4500 | ||
|---|---|---|---|
| 003 | GCL | ||
| 008 | 140319s9999 xx 000 0 ara d | ||
| 040 |
_aGCL / _cGCL |
||
| 082 | 0 | 4 |
_a823 _bم س |
| 100 | 1 | _aمارلو,فيليب | |
| 245 | 1 | 0 |
_aسيدة البحيرة / _cمارلو,فيليب |
| 260 |
_a[S.N] : _bصوت الناس ، _c1993 |
||
| 300 | _a360 ص | ||
| 490 |
_aالسلسلة البوليسية _v0 |
||
| 650 | 0 | 4 | _aالقصص الانجليزية المترجمة |
| 650 | 0 | 4 | _aالادب العالمى |
| 650 | 0 | 4 | _aالادب العالمى المترجم |
| 942 |
_2ddc _cBK |
||
| 999 |
_c55690 _d55690 |
||